Państwa Antyli - Statystyki

Ogólne statystyki
  • Ten quiz został rozwiązany 17 razy
  • Średni wynik to 10 z 12
Statystyki odpowiedzi
Państwa % Poprawnych
Dominika
100%
Dominikana
88%
Haiti
88%
Saint Vincent i Grenadyny
88%
Antigua i Barbuda
81%
Grenada
81%
Jamajka
81%
Kuba
81%
Saint Kitts i Nevis
81%
Saint Lucia
81%
Trynidad i Tobago
81%
Barbados
69%
Nie znaleziono quizów pasujących do podanych kryteriów
Rozkład punktacji
Procent ludzi z każdym wynikiem
Percentyl według liczby udzielonych odpowiedzi
Twoja historia wyników
Nie rozwiązałeś tego quizu